[Event "AUTO-ELITE-2115"]
[Site "http://www.queenalice.com/game.php?id=1569917"]
[Date "2019.5.5"]
[Round "1"]
[White "guss"]
[Black "Rachman"]
[Result "1/2-1/2"]
[WhiteElo "2478"]
[BlackElo "2446"]

1. e4 e6 2. d4 d5 3. Nc3 Bb4 4. exd5 exd5 5. Bd3 Nc6 6. Ne2 Nf6 7. O-O O-O 8. a3
Bxc3 9. bxc3 Re8 10. Re1 h6 11. Nf4 a6 12. a4 Bg4 13. f3 Bd7 14. a5 Na7 15. Ba3
Bb5 16. Qd2 Qd7 17. Bb4 Bxd3 18. Nxd3 Rxe1+ 19. Rxe1 Re8 20. Kf2 Rxe1 21. Qxe1
Nc6 22. h3 Nh7 23. Nc5 Qc8 24. c4 Qf5 25. Qe8+ Nf8 26. Nd7 Qxd7 27. Qxf8+ Kh7
28. Qc5 dxc4 29. Bc3 f6 30. Qxc4 Qf5 31. Qe2 Nxa5 32. g4 Qd5 33. Bxa5 Qxa5 34.
Qe4+ Kg8 35. Qe6+ Kh7 36. Qe4+ 1/2-1/2

[Event "AUTO-ELITE-2066"]
[Site "http://www.queenalice.com/game.php?id=1570242"]
[Date "2019.5.8"]
[Round "2"]
[White "Rachman"]
[Black "Matt24"]
[Result "1-0"]
[WhiteElo "2431"]
[BlackElo "2572"]

1. c4 e5 2. g3 Nf6 3. Bg2 d5 4. cxd5 Nxd5 5. Nc3 Nb6 6. Nf3 Nc6 7. O-O Be7 8. d3
O-O 9. Be3 Bg4 10. h3 Be6 11. Rc1 f5 12. a3 f4 13. Bd2 fxg3 14. fxg3 Qd7 15. Kh2
Rf5 16. Ne4 Raf8 17. Qc2 h6 18. b4 Rh5 19. h4 a6 20. a4 Rc8 21. a5 Nd5 22. Qb2
b6 23. Rc4 Rb8 24. Rfc1 Ncxb4 25. Bxb4 bxa5 26. Nxe5 1-0

[Event "AUTO-ELITE-2066"]
[Site "http://www.queenalice.com/game.php?id=1570243"]
[Date "2019.5.8"]
[Round "2"]
[White "Matt24"]
[Black "Rachman"]
[Result "1/2-1/2"]
[WhiteElo "2561"]
[BlackElo "2442"]

1. d4 e6 2. c4 f5 3. Nf3 Nf6 4. Nc3 Be7 5. g3 O-O 6. Bg2 d6 7. O-O Ne4 8. Qd3
Nxc3 9. Qxc3 a5 10. Re1 Nc6 11. e4 fxe4 12. Rxe4 Bf6 13. Bf4 g5 14. Bd2 e5 15.
dxe5 dxe5 16. g4 b6 17. Nxe5 Bb7 18. f4 Nxe5 19. fxe5 Be7 20. Re2 Bxg2 21. Kxg2
Qd7 22. Re4 Rad8 23. Be3 Bb4 24. e6 Qa4 25. c5 Qc6 26. Qc2 Rde8 27. Rf1 Rxe6 28.
Rxf8+ Kxf8 29. Kf3 Re5 30. Qd3 Rd5 31. Qc2 Bxc5 32. Qc3 Kf7 33. h3 Qf6+ 34.
Qxf6+ Kxf6 1/2-1/2

[Event "AUTO-ELITE-2091"]
[Site "http://www.queenalice.com/game.php?id=1574312"]
[Date "2019.6.13"]
[Round "2"]
[White "trompmaster"]
[Black "Rachman"]
[Result "1/2-1/2"]
[WhiteElo "2372"]
[BlackElo "2447"]

1. Nf3 e6 2. c4 f5 3. d4 Nf6 4. e3 Be7 5. Bd3 b6 6. b3 Bb7 7. O-O O-O 8. Bb2 Ne4
9. Nfd2 d5 10. cxd5 exd5 11. f3 Ng5 12. f4 Ne4 13. Nc3 Bb4 14. Ncxe4 fxe4 15.
Be2 Qe7 16. a3 Bd6 17. b4 Nd7 18. Nb3 c6 19. Qd2 g5 20. g3 gxf4 21. gxf4 Kh8 22.
Kh1 Nf6 23. Rg1 Rg8 24. Raf1 Rg6 25. Rxg6 hxg6 26. Rg1 Rg8 27. Qc1 Qh7 28. Rg5
Qh3 29. Rg3 Qh4 1/2-1/2

[Event "AUTO-ELITE-2091"]
[Site "http://www.queenalice.com/game.php?id=1574313"]
[Date "2019.6.13"]
[Round "2"]
[White "Rachman"]
[Black "trompmaster"]
[Result "1-0"]
[WhiteElo "2459"]
[BlackElo "2374"]

1. c4 Nf6 2. g3 g6 3. Bg2 d6 4. Nf3 Bg7 5. O-O O-O 6. Nc3 Nbd7 7. d4 e5 8. e4 c6
9. Qe2 exd4 10. Nxd4 Ne5 11. Rd1 Qb6 12. h3 c5 13. Ndb5 Ne8 14. Nd5 Qd8 15. Rb1
a6 16. Nbc3 f5 17. b4 cxb4 18. Rxb4 Nc6 19. Rb1 Bd4 20. exf5 Rxf5 21. Ne4 Rf7
22. Bg5 Qa5 23. g4 Qa3 24. Rb3 Qa5 25. Rdd3 Qa4 26. Nec3 Bxg4 27. hxg4 Qxc4 28.
Nf4 Nc7 29. Rxb7 Re8 30. Qd2 Bxf2+ 31. Kxf2 Qc5+ 32. Kg3 Qxg5 33. Bxc6 Ref8 34.
Bd5 Nxd5 35. Rxf7 Rxf7 36. Rxd5 1-0

[Event "AUTO-MASTER-2746"]
[Site "http://www.queenalice.com/game.php?id=1577697"]
[Date "2019.7.18"]
[Round "3"]
[White "RobertD"]
[Black "Rachman"]
[Result "0-1"]
[WhiteElo "1866"]
[BlackElo "2466"]

1. e4 e6 2. e5 d5 3. d4 c5 4. c3 Qb6 5. Nf3 Nc6 6. Be2 Nh6 7. h3 cxd4 8. cxd4
Nf5 9. Nc3 Nfxd4 10. Nxd4 Qxd4 11. Qxd4 Nxd4 12. Bd3 Nc6 13. f4 Bd7 14. a3 Bc5
15. b4 Bd4 16. Bd2 a6 17. Rc1 O-O 18. Ne2 Ba7 19. g4 g5 20. Kd1 gxf4 21. Bxf4
Bb8 22. Bh6 Re8 23. Rxc6 bxc6 24. Bf4 a5 25. Kd2 f6 26. exf6 Bxf4+ 27. Nxf4 e5
28. Nh5 e4 29. Bc2 axb4 30. axb4 Ra3 31. Rf1 Kf7 32. Rb1 Rxh3 33. Ng7 e3+ 0-1

[Event "AUTO-MASTER-2746"]
[Site "http://www.queenalice.com/game.php?id=1577698"]
[Date "2019.7.18"]
[Round "3"]
[White "Rachman"]
[Black "RobertD"]
[Result "1-0"]
[WhiteElo "2445"]
[BlackElo "1852"]

1. c4 Nf6 2. g3 d5 3. cxd5 Nxd5 4. Bg2 c6 5. Nf3 Nd7 6. O-O h5 7. e4 N5f6 8. Nc3
e6 9. d4 Qc7 10. Bf4 Qd8 11. d5 cxd5 12. Nb5 Nb6 13. Nc7+ Kd7 14. exd5 Nfxd5 15.
Ne5+ Ke7 16. Bg5+ f6 17. Nxa8 fxg5 18. Ng6+ 1-0

[Event "AUTO-MASTER-2746"]
[Site "http://www.queenalice.com/game.php?id=1577699"]
[Date "2019.7.18"]
[Round "3"]
[White "jezmantis"]
[Black "Rachman"]
[Result "0-1"]
[WhiteElo "2174"]
[BlackElo "2469"]

1. d4 e6 2. e3 f5 3. Bd3 Nf6 4. Nd2 b6 5. f3 d5 6. Ne2 Bd6 7. O-O c5 8. c3 Bb7
9. f4 O-O 10. Rf3 Nbd7 11. Rh3 c4 12. Bc2 b5 13. Ng3 a5 14. Nf3 Qe7 15. Ne5 a4
16. a3 g6 17. Bd2 Qg7 18. Qe2 Bc7 19. Nf3 Rac8 20. Ne5 Rfd8 21. Nf1 Nxe5 22.
fxe5 Ne4 23. Bxe4 dxe4 24. Be1 h6 25. Bg3 Rf8 26. Bf4 g5 27. Qh5 gxf4 28. exf4
Kh7 29. Ne3 Qg6 30. Qh4 Bd8 31. Qf2 Rg8 32. Rd1 Rc7 33. d5 exd5 34. Nxd5 Bxd5
35. Rxd5 Rcg7 36. Rg3 Bh4 37. Rxg6 Bxf2+ 38. Kxf2 Rxg6 39. g3 Rb8 40. Ke3 h5 41.
e6 Rf6 42. e7 Re8 43. Rxb5 Rxe7 44. Ra5 Rb7 45. Rxa4 Rxb2 46. Kd4 Re6 47. Rxc4
e3 48. Rc7+ Kg6 49. a4 e2 0-1

[Event "AUTO-MASTER-2746"]
[Site "http://www.queenalice.com/game.php?id=1577700"]
[Date "2019.7.18"]
[Round "3"]
[White "Rachman"]
[Black "jezmantis"]
[Result "1-0"]
[WhiteElo "2467"]
[BlackElo "2177"]

1. c4 f5 2. Nc3 d6 3. g3 c6 4. Bg2 Nf6 5. d4 g6 6. Nf3 Bg7 7. O-O O-O 8. Qb3 h6
9. Rd1 Kh7 10. Ne1 Na6 11. Qa3 Nc7 12. Nd3 a6 13. e3 Nh5 14. Qb3 Qe8 15. Qb6 Ne6
16. Bd2 Nd8 17. c5 Nf7 18. Na4 d5 19. Qc7 Qd8 20. Ba5 Qxc7 21. Bxc7 Be6 22. Nf4
Nxf4 23. exf4 Rac8 24. Ba5 Nh8 25. Rd3 Bg8 26. Rb3 Bxd4 27. Rxb7 Bf6 28. Nb6 Rb8
29. Rc7 g5 30. fxg5 hxg5 31. Nd7 Rxb2 32. Nxf6+ Rxf6 33. Bc3 Rf7 34. Bxb2 e6 35.
Rxc6 Ng6 36. Rxe6 Rb7 37. Rb6 Ra7 38. c6 Kh6 39. Rb7 Ra8 40. c7 Rc8 41. Rc1 Be6
42. Rc6 Bd7 43. Rd6 Bb5 44. Bxd5 Kh5 45. Be6 Ne7 46. h3 g4 47. Bf7+ Kg5 48. h4#
1-0

[Event "AUTO-ELITE-2102"]
[Site "http://www.queenalice.com/game.php?id=1584212"]
[Date "2019.9.21"]
[Round "2"]
[White "Donidon"]
[Black "Rachman"]
[Result "0-1"]
[WhiteElo "2268"]
[BlackElo "2497"]

1. e4 e6 2. d4 d5 3. Nc3 Bb4 4. e5 c5 5. a3 Bxc3+ 6. bxc3 Ne7 7. Nf3 Qa5 8. Bd2
Qa4 9. Be2 b6 10. O-O Ba6 11. Ra2 Bc4 12. Bxc4 Qxc4 13. Ra1 Nbc6 14. dxc5 Qxc5
15. Qe2 O-O 16. a4 Na5 17. Rfe1 Nf5 18. g4 Ne7 19. h4 Nec6 20. Kg2 Qc4 21. Kh3
f6 22. exf6 Rxf6 23. Nd4 Nxd4 24. cxd4 Qxd4 25. Rad1 Raf8 26. f4 Qxa4 27. g5 Rf5
28. Ra1 Qxc2 29. Bxa5 Qb3+ 0-1

[Event "AUTO-ELITE-2102"]
[Site "http://www.queenalice.com/game.php?id=1584213"]
[Date "2019.9.21"]
[Round "2"]
[White "Rachman"]
[Black "Donidon"]
[Result "1-0"]
[WhiteElo "2493"]
[BlackElo "2273"]

1. c4 Nf6 2. g3 d5 3. cxd5 Qxd5 4. Nf3 e5 5. Nc3 Qa5 6. Bg2 Bd6 7. O-O O-O 8. d3
c6 9. Bg5 Nbd7 10. Nd2 Qc7 11. Rc1 h6 12. Nb5 Qb8 13. Nxd6 Qxd6 14. Nc4 Qe7 15.
Be3 Rd8 16. Qc2 Nd5 17. Bd2 Nf8 18. a3 Bf5 19. e4 Bh7 20. exd5 cxd5 21. Ne3 e4
22. Qb3 Qd7 23. dxe4 dxe4 24. Bc3 Ne6 25. Rfd1 Nc5 26. Qc4 Nd3 27. Bxe4 Bxe4 28.
Qxe4 Qe6 29. Qxe6 1-0

[Event "AUTO-OPEN-4038"]
[Site "http://www.queenalice.com/game.php?id=1584310"]
[Date "2019.9.23"]
[Round "2"]
[White "junipero"]
[Black "Rachman"]
[Result "0-1"]
[WhiteElo "2034"]
[BlackElo "2477"]

1. d4 e6 2. c4 f5 3. e3 Nf6 4. Nc3 b6 5. Nf3 Bb7 6. Be2 Ne4 7. Nxe4 fxe4 8. Nd2
Bd6 9. a3 O-O 10. Qc2 Qh4 11. g3 Qh3 12. Bf1 Qf5 13. Nb3 a5 14. Bg2 a4 15. d5
axb3 16. Qe2 exd5 17. cxd5 Ba6 18. Qd2 Bd3 19. Bf1 Bb4 20. axb4 Rxa1 21. Bxd3
Rxc1+ 22. Qxc1 Qxf2+ 23. Kd1 exd3 24. Re1 Qf3+ 25. Kd2 Qe4 26. Rf1 Qg2+ 27. Kxd3
Rxf1 0-1

[Event "AUTO-OPEN-4038"]
[Site "http://www.queenalice.com/game.php?id=1584311"]
[Date "2019.9.23"]
[Round "2"]
[White "Rachman"]
[Black "junipero"]
[Result "1-0"]
[WhiteElo "2478"]
[BlackElo "2032"]

1. c4 c6 2. g3 d5 3. Bg2 e6 4. Nf3 Nf6 5. O-O Be7 6. d4 O-O 7. Nc3 h6 8. b3 Nbd7
9. Bb2 b6 10. e4 dxe4 11. Nd2 Bb7 12. Ncxe4 Nxe4 13. Nxe4 Nf6 14. Qe2 Qc7 15.
Rfd1 Rad8 16. Rac1 c5 17. d5 Nxe4 18. Bxe4 exd5 19. cxd5 Bd6 20. Bf6 gxf6 21.
Qg4+ Kh8 22. Qf5 1-0

[Event "AUTO-OPEN-4038"]
[Site "http://www.queenalice.com/game.php?id=1584316"]
[Date "2019.9.23"]
[Round "2"]
[White "Rachman"]
[Black "Foliko"]
[Result "1-0"]
[WhiteElo "2489"]
[BlackElo "2119"]

1. c4 Nf6 2. g3 c6 3. Bg2 d5 4. Nf3 Bf5 5. Qb3 Qc7 6. O-O dxc4 7. Qxc4 Nbd7 8.
d4 e6 9. Re1 Be7 10. Nc3 O-O 11. e4 Bg4 12. Bf4 Qa5 13. Qb3 Qh5 14. Ne5 Nb6 15.
f3 Bh3 16. g4 Bxg4 17. fxg4 Nxg4 18. Bf3 Qh4 19. Bxg4 h5 20. Bg3 Qg5 21. h4 Qh6
22. Bh3 g5 23. hxg5 Qxg5 24. Kh1 Kh7 25. Rg1 Qe3 26. Raf1 h4 27. Nxf7 hxg3 28.
Qxe6 Rae8 29. Bf5+ 1-0

[Event "AUTO-OPEN-4038"]
[Site "http://www.queenalice.com/game.php?id=1584317"]
[Date "2019.9.23"]
[Round "2"]
[White "Foliko"]
[Black "Rachman"]
[Result "0-1"]
[WhiteElo "2128"]
[BlackElo "2492"]

1. e4 e6 2. d4 d5 3. e5 c5 4. c3 Qb6 5. Nf3 Nc6 6. a3 Nh6 7. b4 cxd4 8. cxd4 Nf5
9. Bb2 Bd7 10. Be2 Rc8 11. O-O h5 12. Nc3 Nfxd4 13. Na4 Nxe2+ 14. Qxe2 Qd8 15.
Nc3 a6 16. Rad1 Ne7 17. Nh4 g6 18. Rfe1 Bg7 19. Qd3 O-O 20. Nf3 Nf5 21. Nd4 Nxd4
22. Qxd4 Rc4 23. Qd3 Qc7 24. Nb1 Bh6 25. Bd4 Ba4 26. Nd2 Bc2 27. Qe2 Bxd1 28.
Rxd1 Rxd4 29. Nb3 Rxd1+ 30. Qxd1 Qxe5 31. h4 Rc8 32. Nc5 b6 33. Nd3 Qd4 34. Qf3
Rc3 0-1

[Event "AUTO-MASTER-2741"]
[Site "http://www.queenalice.com/game.php?id=1585574"]
[Date "2019.10.4"]
[Round "2"]
[White "Rachman"]
[Black "clovis"]
[Result "1-0"]
[WhiteElo "2479"]
[BlackElo "2013"]

1. c4 Nf6 2. g3 e5 3. Bg2 Bc5 4. e3 O-O 5. Nc3 d6 6. d4 exd4 7. exd4 Bb6 8. Nge2
Re8 9. O-O Nc6 10. a3 Bf5 11. b4 Bg4 12. f3 Bh5 13. c5 Nxd4 14. cxb6 Nxe2+ 15.
Nxe2 axb6 16. Nf4 Bg6 17. Bb2 Qd7 18. Bxf6 gxf6 19. Nd5 Re5 20. Nxf6+ 1-0

[Event "AUTO-MASTER-2741"]
[Site "http://www.queenalice.com/game.php?id=1585575"]
[Date "2019.10.4"]
[Round "2"]
[White "clovis"]
[Black "Rachman"]
[Result "0-1"]
[WhiteElo "1991"]
[BlackElo "2480"]

1. e4 e6 2. d4 d5 3. exd5 exd5 4. Bd3 Bd6 5. Nf3 Ne7 6. O-O Bg4 7. Re1 Qd7 8.
Nc3 c6 9. h3 Bh5 10. g4 Bg6 11. Ne5 Bxe5 12. dxe5 Bxd3 13. Qxd3 O-O 14. Bg5 Ng6
15. Qf5 Re8 16. Rad1 Qxf5 17. gxf5 Nxe5 18. Kg2 Nbd7 19. Re2 f6 20. Bf4 Kf7 21.
Rde1 Rg8 22. Bg3 g5 23. fxg6+ Rxg6 24. f4 Rag8 25. fxe5 Rxg3+ 26. Kh2 Nxe5 27.
Nd1 Nf3+ 0-1

[Event "AUTO-MASTER-2741"]
[Site "http://www.queenalice.com/game.php?id=1585576"]
[Date "2019.10.4"]
[Round "2"]
[White "Rachman"]
[Black "CCapivara"]
[Result "1-0"]
[WhiteElo "2474"]
[BlackElo "2214"]

1. c4 e5 2. g3 d6 3. Bg2 f5 4. d4 e4 5. Nc3 Nf6 6. f3 exf3 7. Nxf3 Be7 8. O-O
O-O 9. Qd3 Nc6 10. a3 g6 11. b4 Re8 12. Ng5 Bf8 13. Nd5 Nxd5 14. Bxd5+ Kg7 15.
Nf7 Qf6 16. Bh6+ Kg8 17. Nxd6+ Kh8 18. Nxe8 Qe7 19. Bxf8 1-0

[Event "AUTO-MASTER-2741"]
[Site "http://www.queenalice.com/game.php?id=1585577"]
[Date "2019.10.4"]
[Round "2"]
[White "CCapivara"]
[Black "Rachman"]
[Result "0-1"]
[WhiteElo "2218"]
[BlackElo "2471"]

1. e4 e6 2. d4 d5 3. exd5 exd5 4. Nf3 Bd6 5. Bd3 Ne7 6. O-O Bg4 7. Be3 Nbc6 8.
c3 Qd7 9. Nbd2 h6 10. b4 O-O 11. h3 Bxh3 12. gxh3 Qxh3 13. Re1 f5 14. Nf1 Rf6
15. Ne5 Nxe5 16. dxe5 Bxe5 17. Bf4 Bxf4 18. Ng3 Bxg3 19. fxg3 Qxg3+ 20. Kf1 Qf4+
0-1